General Knowledge - Think Fast - Statistics

General Stats
  • This quiz has been taken 269,391 times
  • The average score is 12 of 20
Answer Stats
Hint Answer % Correct
This animal: Panda
73%
5 x 5 25
72%
11 + 11 + 11 33
72%
City which has the Eiffel Tower Paris
71%
Last letter of the alphabet Z
71%
Number exactly halfway between 0 and 100 50
70%
Animal that makes honey Bee
70%
Water when its frozen Ice
70%
Country where sushi comes from Japan
70%
Opposite of early Late
70%
Color of a flamingo Pink
70%
Letter which is M upside down W
70%
Square root of 16 4
69%
7 times 7 49
69%
What the A in USA stands for America
69%
Currency of the U.S. Dollar
69%
Planet you are on right now Earth
69%
What Aladdin's carpet can do Fly
69%
Is Mumbai the capital of India? Type yes or no. No
69%
Part of Pinocchio's body which grows Nose
69%
Letter which looks like a circle O
69%
The number 1 but spelled out One
69%
Vegetable that makes you cry when you cut it Onion
69%
Rival of Coca-Cola Pepsi
69%
The U.S. has 50 on its flag {Star}s
69%
Number of months in a leap year 12
68%
April has this many days 30
68%
A spider has this many legs 8
68%
The first five letters of the alphabet ABCDE
68%
Michael Jordan's best sport Basketball
68%
What a king wears on his head Crown
68%
Animal that quacks Duck
68%
Main language spoken in Australia English
68%
"Blue" spelled backwards eulb
68%
Color of an emerald Green
68%
Sherlock's last name Holmes
68%
New Delhi is the capital of ... India
68%
7th month of year July
68%
Last name of Barack and Michelle Obama
68%
Approximately 3.1415 Pi
68%
Biggest country in the world by area Russia
68%
Language spoken in Mexico Spanish
68%
1997 movie about a sinking ship Titanic
68%
What you put in a toaster Bread
67%
What BMW makes {Car}s
67%
The website you're on right now JetPunk
67%
Animal that is "king of the jungle" Lion
67%
Language spoken in Poland Polish
67%
Capital of Italy Rome
67%
Your mom or dad's brother Uncle
67%
Ten in Roman numerals X
67%
Second to last letter of the alphabet Y
67%
Lowest you can roll with two standard dice 2
66%
120 divided by 3 40
66%
A pentagon has this many sides 5
66%
Tallest land animal Giraffe
66%
A donut has one, a golf course has many. What is it? Hole
66%
Your arm has an elbow, your leg has a ... Knee
66%
His brother is Luigi and he fights Bowser Mario
66%
Country that borders the United States to the south Mexico
66%
H is to Hydrogen as O is to... Oxygen
66%
Largest ocean in the world Pacific
66%
Opposite direction from Northeast Southwest
66%
Country bordering Portugal Spain
66%
Type the world "purple" but leave out the 1st letter urple
66%
What an adult cow drinks Water
66%
Word that starts with Y and means "delicious" Yummy
66%
Years in a millennium 1000
65%
Capital of Germany Berlin
65%
What a ghost says Boo
65%
What witches use to fly Broom
65%
Dubai has the tallest ______ in the world Building
65%
1 is solo. 2 is duo. What is 3? Trio
65%
Antonym of bad Good
65%
What grows on a lawn Grass
65%
October 31st holiday Halloween
65%
Gas that makes toy balloons float Helium
65%
Liquid inside a pen Ink
65%
Tallest mountain in the world Mt. Everest
65%
Bible character who built the ark Noah
65%
A baby dog is a ... Puppy
65%
Color called "rojo" in Spanish Red
65%
What a bee or a jellyfish might do to you Sting
65%
The largest thing orbiting Earth The moon
65%
An angel and an airplane both have two ... Wings
65%
Ants have this many legs 6
64%
Largest continent by area and population Asia
64%
Superhero whose sidekick is Robin Batman
64%
Princess who died in a car crash in Paris in 1997 Diana
64%
Unlucky day if it falls on the 13th of the month Friday
64%
What Thor or a carpenter might use Hammer
64%
Half of a half Quarter
64%
World's largest coffee chain store Starbucks
64%
Number of letters in "television" 10
63%
Boiling point of water in Celsius 100
63%
Coldest continent Antarctica
63%
Largest country in South America Brazil
63%
What the Grinch tried to steal Christmas
63%
Reindeer with a red nose Rudolph
63%
Most common letter in the English language E
63%
Most people have two of these but a cyclops only has one Eye
63%
It makes your breath smell bad and vampires hate it Garlic
63%
Like a pond but bigger Lake
63%
Our galaxy Milky Way
63%
Southernmost country in Africa South Africa
63%
Fastest sprinter of all-time Usain Bolt
63%
King Henry VIII had six of these {Wive}s
63%
Number of seconds in 10 minutes 600
62%
Color of sharps and flats on the piano Black
62%
Knee is to leg as ____ is to arm Elbow
62%
First word in this clue First
62%
Largest planet in the Solar System Jupiter
62%
Rearrange the letters of MELON to make a different fruit Lemon
62%
Letter at the upper left of most keyboards Q
62%
Precious gemstone that is red Ruby
62%
Korean company that makes the Galaxy phone Samsung
62%
King of the Greek gods Zeus
62%
142 divided by 2 71
61%
3 squared 9
61%
What Boeing makes {Airplane}s
61%
When liquid evaporates it becomes a ... Gas
61%
What Cinderella's slipper was made of Glass
61%
Movie series starring Daniel Radcliffe and Emma Watson Harry Potter
61%
Country where leprechauns come from Ireland
61%
What LOL is short for Laugh out loud
61%
Painter of the Mona Lisa Leonardo da Vinci
61%
Biggest city in the United States New York
61%
Clark Kent when he puts a cape on Superman
61%
Card that outranks a King in poker Ace
60%
Man is to woman as groom is to ... Bride
60%
Rearrange the letters of INCH to make a body part Chin
60%
Shark part you might see above the water Fin
60%
Word that can follow crude, olive, or coconut Oil
60%
She was friends with the Seven Dwarfs Snow White
60%
4-letter abbreviation for the Soviet Union USSR
60%
If you have 1 kilogram plus 1 gram, how many grams do you have? 1001
59%
Three letter word that sounds like "eight" Ate
59%
If you are reincarnated you are ____ again Born
59%
Your parent's sibling's child Cousin
59%
Is an iota a lot or a little? Little
59%
Closest planet to the sun Mercury
59%
Word that starts with Q and ends with Z Quiz (or Quartz)
59%
Nearest star to Earth Sun
59%
Longest river in South America Amazon
58%
Current King of the UK Charles
58%
Bottom half of a centaur Horse
58%
A single unit of snow, they say no two look alike Snowflake
58%
What comes before AD, date wide BC
57%
Microsoft's spreadsheet program Excel
57%
Greek poet or dad on the Simpsons Homer
57%
Animal that says "hoot" Owl
57%
Lowest value chess piece Pawn
57%
Garment between shoe and foot Sock
57%
Most common word in the English language The
57%
First President of the U.S. Washington
57%
The number of words in this clue 7
56%
Rhino is to Rhinoceros as Chimp is to ... Chimpanzee
56%
Army is to land as ___ is to sea Navy
56%
Elton John's musical instrument Piano
56%
What a snail has that a slug does not Shell
56%
30% of 200 60
55%
First element of the Periodic Table Hydrogen
55%
A dried grape is a... Raisin
55%
Hawaiian word for hello or goodbye Aloha
54%
Language spoken in Egypt Arabic
54%
Largest city on the River Thames London
54%
Canada's largest city Toronto
54%
Color that reflects light in all visible wavelengths White
54%
First person in the Bible Adam
53%
Hardest naturally occurring mineral Diamond
53%
Common color whose name ends in W Yellow
53%
Three letter body part ending in g Leg
52%
Holiday figure whose name is an anagram of Satan Santa
52%
What the name Bill is short for William
52%
Word which can follow layer, sheet, chocolate, or birthday Cake
51%
Most common first word in a handwritten letter Dear
51%
Letter which usually comes after Q U
51%
It has two ventricles and two atria Heart
50%
Opposite of noon Midnight
50%
Playing card in a 54 card deck that has a face but isn't a Jack, Queen, or King Joker
49%
Jalapeño, chipotle, or poblano Pepper
49%
Year of the first man to walk on the moon 1969
48%
Sport that has strikes and gutter balls Bowling
48%
Periodic table element that rhymes with pink Zinc
48%
If ABC = 123, what is FED? 654
46%
Jim is to James as Rick is to ... Richard
46%
What the C in CEO stands for Chief
45%
1000 milliliters Liter
45%
Three letter animal, last letter is X Fox
44%
2 = index, 3 = middle, 4 = Ring
43%
What Peter Pan never does Grow up
42%
Upper body of a woman lower body of a fish Mermaid
42%
What's at the center of an olive or peach Pit
42%
Three digit winning number at many slot machines 777
41%
What you make in a churn Butter
41%
Longest running event at the Olympics Marathon
41%
Colorado's mountain range Rocky Mountains
41%
Heavy ball tossed for distance as an Olympic event Shot put
36%
150 years before 2023 1873
35%
Sea creature with 5 regrowable arms Starfish
32%
No matching quizzes found
Score Distribution
Percent of People with Each Score
Percentile by Number Answered
Your Score History
You have not taken this quiz